| 000 | 00546cam a22002171 4500 | ||
|---|---|---|---|
| 001 | sa 65000970 | ||
| 003 | DLC | ||
| 005 | 20260227112106.0 | ||
| 008 | 881028s1964 xx 000 0 beno | ||
| 010 | _asa 65000970 | ||
| 035 | _a(OCoLC)23549697 | ||
| 040 |
_aDLC _cMiU _dDLC |
||
| 042 | _apremarc | ||
| 050 | 0 | 0 |
_aPK1718.G63 _bM3 |
| 100 | 0 |
_aŚrīpārābata, _d1927- |
|
| 245 | 1 | 0 | _aMamatāja-dihitā Jāhānāra. |
| 260 | _c[1964] | ||
| 300 |
_a265 p. _c22 cm. |
||
| 500 | _aRomanized. | ||
| 600 | 1 | 0 |
_aJahanara, Begum, _d1614-1680 _vFiction. |
| 999 |
_c61843 _d61843 |
||